Manual de contabilidad de costes para las corporaciones locales : seminarios 2 y 3 : administración financiera y planificació seminarios 2 y 3 :
ISBN:
84-7088-071-3
Descripción Física:
290 p. ; 24 cm
Colección:
Cuadernos de investigación ; 5
MARC
| LEADER | 00000nam a2200000Ia 4500 | ||
|---|---|---|---|
| 001 | 18299 | ||
| 008 | 160829s1976 xx 000 0 cat d | ||
| 020 | |a 84-7088-071-3 | ||
| 080 | |a M-5-282 | ||
| 245 | |a Manual de contabilidad de costes para las corporaciones locales : |b seminarios 2 y 3 : |b administración financiera y planificació | ||
| 260 | |a Madrid : |b Instituto de Estudios de Administración Local, |c 1976 | ||
| 300 | |a 290 p. ; |c 24 cm | ||
| 490 | |a Cuadernos de investigación ; 5 | ||
| 590 | |a A la portada: Programa: Investigación en equipo. Subprograma: Seminarios Permanentes de Investigación Aplicada. | ||
| 590 | |a Bibliografia | ||
| 650 | 0 | |a Administració local |z Espanya |9 37433 | |
| 650 | |a Serveis públics |x Finances |x Espanya |9 28263 | ||
| 710 | 2 | |a Instituto de Estudios de Administración Local (Espanya) |9 54775 | |
| 901 | |a Arxiu | ||
| 942 | |n 1 | ||
| 952 | |0 0 |1 0 |4 0 |6 M5282 |7 1 |9 44747 |a Arxiu |b Arxiu |d 2016-12-01 |l 0 |o M-5-282 |p 18299 |r 2016-12-01 00:00:00 |w 2016-12-01 |y ARXIU | ||
| 999 | |c 47329 |d 47329 | ||